000 00687nam a2200205 i 4500
001 86564
003 ES-MaACL
005 20250907063052.0
007 t|
008 041213s1911 fr ||||1| fre d
100 1 _aHalil ibn Isaq al-Gundi,
_dm. 1366
_967985
245 1 0 _aCode musulman
_b: rite malékite, statut réel /
_cpar Khalil ; texte arabe et traduction française N. Seignette.
260 _aParis :
_bChallamel,
_c1911.
300 _aVI, 743 p. ;
_c25 cm.
546 _aTexto en árabe con traducción francesa.
650 0 7 _aDerecho musulmán
_2embne
_911742
700 1 _aSeignette, Napoléon.
_9159346
852 _aES-MaACL
_jC-1085
999 _c86564
_d86564